ESC 2025 Ergebnisse (mit Punktzahl und Songtiteln) - Statistiken

Allgemein
  • Dieses Quiz wurde 122 mal gespielt
  • Das Durchschnittsergebnis liegt bei 21 aus 26
Antwortstatistiken
# Punkte Songtitel Land % Korrekt
1 436 Wasted Love Österreich
100%
15 151 Baller Deutschland
97%
3 356 Espresso Macchiato Estland
96%
2 357 New Day Will Rise Israel
96%
4 321 Bara bada bastu Schweden
96%
11 196 Ich komme Finnland
95%
5 256 Volevo essere un duro Italien
95%
26 27 Tutta I‘Italia San Marino
90%
7 230 Maman Frankreich
87%
12 175 C‘est La Vie Niederlande
87%
10 214 Voyage Schweiz
85%
18 89 Lighter Norwegen
82%
24 37 Esa diva Spanien
82%
6 231 Asteromata Griechenland
81%
25 33 Roa Island
81%
9 218 Bird Of Pray Ukraine
80%
23 47 Hallucination Dänemark
77%
19 88 What The Hell Just Happened? Großbritannien
77%
22 47 La poupee monte le son Luxemburg
75%
8 218 Zjerm Albanien
73%
14 156 Gaja Polen
73%
20 72 Survivor Armenien
72%
17 91 Serving Malta
72%
21 50 Deslocado Portugal
71%
13 158 Bur nam laimi Lettland
64%
16 96 Tavo Akys Litauen
64%
Keine übereinstimmenden Quizze gefunden
Verteilung der Resultate
Anzahl Personen mit jedem Resultat
Perzentil nach korrekt beantworteten Fragen
Ihre Resultats-Entwicklung
Sie haben dieses Quiz noch nicht gespielt